[Event "Belgrade Winter op"]
[Site "Belgrade"]
[Date "2004.01.27"]
[Round "7"]
[White "Nestorovic, Lazar"]
[Black "Radjenovic, Dejan"]
[Result "0-1"]
[WhiteElo "1903"]
[BlackElo "2110"]
[PlyCount "74"]
[EventDate "2004.01.21"]
[EventType "swiss"]
[EventRounds "9"]
[EventCountry "YUG"]
[SourceTitle "CBM 098 Extra"]
[Source "ChessBase"]
[SourceDate "2004.03.10"]
[SourceVersion "2"]
[SourceVersionDate "2004.03.10"]
[SourceQuality "1"]

1. e4 c5 2. Nf3 e6 3. d4 cxd4 4. Nxd4 Nc6 5. Nc3 a6 6. Bc4 Nf6 7. a3 Be7 8. Be3 Qc7 9. Ba2 Ne5 10. f3 Nc4 11. Bxc4 Qxc4 12. Qd3 Qc7 13. 0-0 0-0 14. Kh1 d6 15. f4 b6 16. f5 e5 17. Nb3 Bb7 18. Rae1 Rfd8 19. Bg1 Rac8 20. Qg3 Nd7 21. Be3 f6 22. Qf2 Nc5 23. Bxc5 dxc5 24. Rd1 c4 25. Nc1 Bc5 26. Qe2 Rd4 27. Rxd4 Bxd4 28. N1a2 b5 29. Nd1 a5 30. c3 Bb6 31. Nc1 Qc6 32. Re1 Rd8 33. Nf2 Rd6 34. h3 Qd7 35. Rd1 Bxf2 36. Rxd6 Qxd6 37. Kh2 Bxe4 0-1

[Event "Belgrade Winter op"]
[Site "Belgrade"]
[Date "2004.01.24"]
[Round "4"]
[White "Radjenovic, Dejan"]
[Black "Jedjini, Pavel"]
[Result "1-0"]
[WhiteElo "2110"]
[BlackElo "1985"]
[PlyCount "117"]
[EventDate "2004.01.21"]
[EventType "swiss"]
[EventRounds "9"]
[EventCountry "YUG"]
[SourceTitle "CBM 098 Extra"]
[Source "ChessBase"]
[SourceDate "2004.03.10"]
[SourceVersion "2"]
[SourceVersionDate "2004.03.10"]
[SourceQuality "1"]

1. e4 d5 2. exd5 Qxd5 3. Nc3 Qa5 4. d4 Nf6 5. Qd3 c6 6. Bd2 Bf5 7. Ne4 Bxe4 8. Bxa5 Bxd3 9. Bxd3 e6 10. c4 Bd6 11. Nf3 Nbd7 12. Rd1 0-0 13. 0-0 Rac8 14. Rfe1 b6 15. Bc3 Rfd8 16. h3 Nf8 17. Nd2 Be7 18. Ne4 Nxe4 19. Bxe4 Bf6 20. Rd3 Ng6 21. g3 Ne7 22. Red1 g6 23. b4 b5 24. c5 Nd5 25. Bxd5 Rxd5 26. Kg2 Rcd8 27. Kf3 Bg7 28. Ke3 h5 29. h4 Bh6+ 30. Ke2 f6 31. Bd2 Bg7 32. Be3 Kf7 33. Ra3 R8d7 34. Ra6 e5 35. Rxc6 exd4 36. Bf4 Bf8 37. Kd3 g5 38. hxg5 fxg5 39. Bc1 Rf5 40. f4 gxf4 41. Bxf4 h4 42. Ke4 Rh5 43. g4 Rhd5 44. Rc7 Ke6 45. Rxd7 Rxd7 46. c6 Rd8 47. c7 Rc8 48. Rxd4 Be7 49. Rd5 a6 50. Rh5 Bxb4 51. Rh6+ Kd7 52. Kd5 Rf8 53. Be5 Rg8 54. Rxh4 Be7 55. Rh7 Re8 56. Bd6 Rg8 57. Rxe7+ Kc8 58. Kc6 a5 59. Rd7 1-0

[Event "Belgrade Winter op"]
[Site "Belgrade"]
[Date "2004.01.23"]
[Round "3"]
[White "Kordic, Nikola"]
[Black "Radjenovic, Dejan"]
[Result "1-0"]
[WhiteElo "2123"]
[BlackElo "2110"]
[PlyCount "41"]
[EventDate "2004.01.21"]
[EventType "swiss"]
[EventRounds "9"]
[EventCountry "YUG"]
[SourceTitle "CBM 098 Extra"]
[Source "ChessBase"]
[SourceDate "2004.03.10"]
[SourceVersion "2"]
[SourceVersionDate "2004.03.10"]
[SourceQuality "1"]

1. e4 e5 2. Nf3 Nc6 3. Bc4 Nf6 4. d4 Nxe4 5. dxe5 Bc5 6. Qd5 0-0 7. Qxe4 d5 8. Qxd5 Nb4 9. Qxd8 Rxd8 10. Na3 Bg4 11. Be3 Bxe3 12. fxe3 c6 13. Ng5 Nd5 14. 0-0 b5 15. Bb3 h6 16. Nxf7 Rd7 17. e4 Rxf7 18. exd5 Rxf1+ 19. Rxf1 Kh8 20. dxc6 Rc8 21. h3 1-0